|
|
|
|
| LEADER |
00000nam0a2200000 4500 |
| 001 |
682214 |
| 005 |
20251010155816.0 |
| 090 |
|
|
|a 682214
|
| 100 |
|
|
|a 20251010d1977 m||y0rusy50 ca
|
| 101 |
0 |
|
|a rus
|
| 102 |
|
|
|a RU
|
| 105 |
|
|
|a a z 000ya
|
| 181 |
|
0 |
|a i
|b e
|
| 182 |
|
0 |
|a n
|
| 183 |
|
0 |
|a nc
|2 RDAcarrier
|
| 200 |
1 |
|
|a Остаюсь на зимовку
|f Эрик Кудусов
|
| 203 |
|
|
|a Текст
|b визуальный
|c непосредственный
|
| 210 |
|
|
|a Москва
|c Мысль
|d 1977
|
| 215 |
|
|
|a 175 с.
|c ил.
|
| 283 |
|
|
|a volume
|2 RDAcarrier
|
| 606 |
|
|
|a Занимательная зоология
|9 38260
|
| 610 |
1 |
|
|a охотники
|
| 610 |
1 |
|
|a промыслы
|
| 610 |
1 |
|
|a тайга
|
| 610 |
1 |
|
|a природные ресурсы
|
| 675 |
|
|
|a 59
|v 4
|
| 700 |
|
1 |
|a Кудусов
|b Э. А.
|g Эрнст Абдураимович
|
| 801 |
|
0 |
|a RU
|b 63413507
|c 20251010
|
| 830 |
|
|
|a Ретро2025Каталогизация Мотырева
|
| 850 |
|
|
|a 63413507
|
| 942 |
|
|
|c BK
|